[Event "Voronezh Raev Memorial"]
[Site "Voronezh"]
[Date "2020.01.04"]
[Round "2"]
[White "Popov, Konstantin"]
[Black "Mischuk, Denis"]
[Result "1-0"]
[WhiteElo "2407"]
[BlackElo "2358"]
[PlyCount "115"]
[EventDate "2020.01.03"]
[EventType "tourn"]
[EventRounds "9"]
[EventCountry "RUS"]
[EventCategory "3"]
[SourceTitle "CBM 194 Extra"]
[Source "ChessBase"]
[SourceDate "2020.03.31"]
[SourceVersion "1"]
[SourceVersionDate "2020.03.31"]
[SourceQuality "1"]

1. e4 e5 2. Nf3 Nc6 3. Bb5 Nf6 4. 0-0 Nxe4 5. d4 Nd6 6. dxe5 Nxb5 7. a4 Nbd4 8. Nxd4 d5 9. Nxc6 bxc6 10. Qd3 Qd7 11. f4 Qf5 12. Qc3 c5 13. Be3 d4 14. Bxd4 Bb7 15. Be3 Qg4 16. Qd2 Be7 17. Nc3 Rd8 18. Qe2 Qxe2 19. Nxe2 f6 20. Nc3 Kf7 21. Rfe1 a6 22. a5 fxe5 23. fxe5 Ke6 24. Ra4 Rhf8 25. Rg4 g6 26. Ne2 Rf5 27. Nf4+ Kf7 28. Nd3 h5 29. Rf4 Rxf4 30. Nxf4 Be4 31. Rf1 Ke8 32. Ne6 Rb8 33. Bxc5 Kd7 34. Rf7 Kxe6 35. Rxe7+ Kd5 36. b4 Bxc2 37. Rxc7 Bf5 38. Bd6 Rc8 39. Rxc8 Bxc8 40. Kf2 Bd7 41. Ke3 g5 42. g3 g4 43. Kf4 Ke6 44. Kg5 Be8 45. Bb8 Ke7 46. Kh6 Ke6 47. Bd6 Kf5 48. Kg7 Ke6 49. Bc7 Bb5 50. Kg6 Be8+ 51. Kg5 Ke7 52. Bb8 Ke6 53. Bd6 Kd5 54. Kf6 Bd7 55. Bf8 Bb5 56. e6 Be8 57. Bc5 Ke4 58. Ke7 1-0